Public interest litigation and human rights in India / (Record no. 123284)

MARC details
000 -LEADER
fixed length control field 00712nam a22002177a 4500
005 - DATE AND TIME OF LATEST TRANSACTION
control field 20170828162730.0
010 ## - LCCN (DPL NO)
LC control number B-59406
020 ## - INTERNATIONAL STANDARD BOOK NUMBER
Terms of availability 00.00
International Standard Book Number 8174871721
035 ## - SYSTEM CONTROL NUMBER
System control number B-059406
037 ## - SOURCE OF ACQUISITION
Source of stock number/acquisition Cen Lib/Ret
082 ## - DEWEY DECIMAL CLASSIFICATION NUMBER
Classification number 323.0954
Item number RAY
100 ## - MAIN ENTRY--PERSONAL NAME
Personal name Ray Mohapatra, Arun
245 ## - TITLE STATEMENT
Title Public interest litigation and human rights in India /
Statement of responsibility, etc by Arun Ray Mohapatra
260 ## - PUBLICATION, DISTRIBUTION, ETC. (IMPRINT)
Place of publication, distribution, etc New Delhi
Name of publisher, distributor, etc Radha Publications
Date of publication, distribution, etc 2001
270 ## - ADDRESS
Address 4378/4-B, Ansari Road, Darya Ganj
City New Delhi
Postal code 110002
300 ## - PHYSICAL DESCRIPTION
Extent xiii, 216p. :
Dimensions 21cm(Hb)
500 ## - GENERAL NOTE
General note Includes bibliographical references and index
650 ## - SUBJECT ADDED ENTRY--TOPICAL TERM
Topical term or geographic name as entry element Indian constitution
650 ## - SUBJECT ADDED ENTRY--TOPICAL TERM
Topical term or geographic name as entry element Human rights-India
942 ## - ADDED ENTRY ELEMENTS (KOHA)
Source of classification or shelving scheme Dewey Decimal Classification
Item type English Books
Classification part 323.0954
Call number suffix RAY
Holdings
Withdrawn status Lost status Not for loan Home library Current library Date acquired Source of acquisition Cost, normal purchase price Full call number Barcode Copy number Cost, replacement price Koha item type
      Central Library Central Library 04/06/2015 Cen Lib/Ret 0.00 323.0954 RAY B-059406 1 0.00 English Books

© Delhi Public Library
Hit Counter
free hit counter